75 năm Đảng Cộng sản Việt nam dưới ngọn cờ độc lập dân tộc và chủ nghĩa xã hội : (3/2/1930-3/2/2005)
Sách giới thiệu khái quát lịch sử Đảng cộng sản Việt Nam từ khi ra đời và lãnh đạo đấu tranh giành chính quyền (1930-1945), xây dựng, bảo vệ chế độ mới và kháng chiến chống thực dân Pháp xâm lược (1945-1954), chống đế quốc Mỹ (1954-1975)...
Wedi'i Gadw mewn:
| Prif Awdur: | |
|---|---|
| Fformat: | Llyfr |
| Iaith: | Undetermined |
| Cyhoeddwyd: |
Hà nội
Công an Nhân dân
2005
|
| Pynciau: | |
| Tagiau: |
Ychwanegu Tag
Dim Tagiau, Byddwch y cyntaf i dagio'r cofnod hwn!
|
| Thư viện lưu trữ: | Trung tâm Học liệu Trường Đại học Cần Thơ |
|---|
| LEADER | 01255nam a2200229Ia 4500 | ||
|---|---|---|---|
| 001 | CTU_92245 | ||
| 008 | 210402s9999 xx 000 0 und d | ||
| 020 | |c 79000 | ||
| 082 | |a 324.2597075 | ||
| 082 | |b Kh452 | ||
| 100 | |a Vũ, Như Khôi | ||
| 245 | 0 | |a 75 năm Đảng Cộng sản Việt nam dưới ngọn cờ độc lập dân tộc và chủ nghĩa xã hội : | |
| 245 | 0 | |b (3/2/1930-3/2/2005) | |
| 245 | 0 | |c Vũ Như Khôi | |
| 260 | |a Hà nội | ||
| 260 | |b Công an Nhân dân | ||
| 260 | |c 2005 | ||
| 520 | |a Sách giới thiệu khái quát lịch sử Đảng cộng sản Việt Nam từ khi ra đời và lãnh đạo đấu tranh giành chính quyền (1930-1945), xây dựng, bảo vệ chế độ mới và kháng chiến chống thực dân Pháp xâm lược (1945-1954), chống đế quốc Mỹ (1954-1975) và xây dựng chủ nghĩa xã hội, bảo vệ Tổ quốc xã hội chủ nghĩa trên phạm vi cả nước (1975-2005) | ||
| 650 | |a Communist parties,Political parties | ||
| 650 | |z Vietnam,Vietnam | ||
| 904 | |i Trúc, Huỳnh Mai | ||
| 980 | |a Trung tâm Học liệu Trường Đại học Cần Thơ | ||